Orgány štátu pre medzinárodné styky diplomová práca

Gespeichert in:
Bibliographische Detailangaben
1. Verfasser: Olajošová, Viktória
Körperschaft: Ekonomická univerzita v Bratislave. Fakulta medzinárodných vzťahov
Weitere Verfasser: Mráz, Stanislav
Format: Buch
Sprache:Slowakisch
Veröffentlicht: Bratislava 2010
Tags: Tag hinzufügen
Keine Tags, Fügen Sie das erste Tag hinzu!

MARC

LEADER 00000nam a2200000 4500
001 0121510
005 20240318123014.6
041 0 |a slo 
044 |a SK 
245 1 0 |a Orgány štátu pre medzinárodné styky  |b diplomová práca  |c Viktória Olajošová ; škol. Stanislav Mráz 
264 1 |a Bratislava  |c 2010 
300 |a 65 s. 
100 1 |a Olajošová, Viktória 
700 1 |a Mráz, Stanislav 
710 2 |a Ekonomická univerzita v Bratislave. Fakulta medzinárodných vzťahov